[Event "ISR-ch"]
[Site "Tel Aviv"]
[Date "2002.12.02"]
[Round "8"]
[White "Pasman, Michael"]
[Black "Kantsler, Boris"]
[Result "1/2-1/2"]
[WhiteElo "2345"]
[BlackElo "2486"]
[Annotator "Hazai,L"]
[PlyCount "57"]
[EventDate "2002.11.24"]
[EventType "swiss"]
[EventRounds "9"]
[EventCountry "ISR"]
[SourceTitle "CBM 093"]
[Source "ChessBase"]
[SourceDate "2003.04.01"]
[SourceVersion "1"]
[SourceVersionDate "2003.04.01"]
[SourceQuality "1"]

1. d4 Nf6 2. Nf3 g6 3. Bf4 Bg7 4. e3 d6 5. Be2 O-O 6. h3 Nc6 {/\ Nd7, e5} (6...
Nfd7 {immediately may lead to the text after} 7. O-O e5 8. Bh2 Nc6) 7. O-O Nd7
8. c4 {This helps Black to open up the long /^ for the fianchettoed B.} (8. c3
{is White's main idea strengthening the d4 P.} e5 9. Bh2 {- Alterman-Avrukh,
Tel Aviv 1999 CBM 71}) (8. Bh2 $5 e5 9. dxe5 (9. c4 {- 8.c4}) (9. c3 {- 8.c3})
9... Ndxe5 $11 {and White has no real advantage in the [+].} (9... dxe5 10. Nc3
f5 11. Bb5 Kh8 12. Qd5 Qf6 (12... Ne7) 13. Bxc6 bxc6 14. Qa5 Rb8 15. Na4 Rb7
16. Rad1 f4 17. exf4 exf4 18. b3 $14 {Arencibia-Paneque, Cuba 1989})) 8... e5
9. Bh2 exd4 (9... f5 {leads to a very complex middlegame.} 10. Nc3 g5 {Black's
chances are on the >>.} (10... Re8 11. Rb1 exd4 12. exd4 Nf6 13. c5 Ne4 14.
cxd6 cxd6 {(Chemin-Zapata, Sao Paulo 1997)} 15. Bc4+ Kh8 16. Re1 $14) 11. dxe5
Ndxe5 $1 {For the sake of development it is important to exchange the N first.}
(11... dxe5 $2 12. Nd5 Nc5 13. b4 Ne6 14. b5 e4 15. bxc6 exf3 16. Bxf3 Bxa1 17.
Nxc7 $1 Qxd1 18. Rxd1 Nxc7 19. Bxc7 $16 {Bosgue Ortega-Gonzalez Valez,
Barbera-A 1997}) 12. Nxe5 dxe5 13. Qxd8 Nxd8 14. e4 f4 {The h2 B causes again
some headache for White.} 15. Bg4 Bxg4 16. hxg4 Ne6 $11 {Payen-Nijboer, Cafe
op Koszalin 1998}) 10. exd4 Qf6 {and Black has a real pressure on >< d4.} 11.
Nc3 {Temporarily sacrificing the P, but for the better development.} (11. d5
Nd4 $11 {is an easy equalization for Black.}) 11... Nxd4 12. Nxd4 Qxd4 13. Nd5
(13. Nb5 Qxd1 14. Raxd1 c6 15. Nc7 Rb8 16. Bxd6 Be5 $11 {an sometimes the c7 N
can be trapped, Lopushnoy-Kopylov, RUS-ch Novosibirsk 1996.}) 13... c6 14. Ne7+
(14. Qxd4 Bxd4 15. Nc7 Rb8 16. Bxd6 {allows the simple} Bxb2 17. Rad1 Be5 $15 {
Doppelhammer-Konopka, Arco 2000}) 14... Kh8 15. Qxd4 (15. Bxd6 Qxb2 (15... Re8
16. Re1 Nb6 17. c5 Nd5 18. Qxd4 Bxd4 19. Nxd5 cxd5 20. Bb5 Rxe1+ 21. Rxe1 Be6
$11 {and Black can hold the _|_, Dresen-Salai, Olomouc 2002.}) 16. Rb1 Qxa2 17.
Nxc8 Rfxc8 18. Rxb7 Rd8 19. Be7 Nc5 20. Bxd8 Nxb7 21. Be7 {(Tielemann-Gy.
Forgacs, Delmenhorst 1987)} Na5 $17) 15... Bxd4 16. Bxd6 Re8 17. Bg4 (17. Rae1
Nf8 {is the best developing idea.} (17... Bc5 $2 {founders on} 18. Bg4 $18) (
17... Bxb2 $2 {is also bad because of} 18. Bg4 Rd8 (18... f5 $2 19. Nxg6+ $18)
19. Rb1 $16) 18. Nxc8 Raxc8 19. Bg4 f5 20. Bf3 Ne6 $11 {and White's ^^ is not
a big deal.}) 17... f5 18. Bf3 Nb6 (18... Bc5 $2 {is met by the aggressive} 19.
Rfe1 $1 Bxd6 20. Nxg6+ $1 hxg6 21. Rxe8+ Kg7 22. Rd1 $16) (18... Ne5 19. Bxe5+
Bxe5 {is answered by the liquidation to an _|_:} 20. Nxc6 bxc6 21. Bxc6 Ba6 22.
Rae1 Rac8 23. Bxe8 Rxe8 24. b3) 19. Rad1 (19. Rae1 Bd7 20. b3 Nc8 21. Nxc8
Raxc8 $11 {is completely drawish.}) 19... Bxb2 20. Rfe1 Kg7 21. c5 Nc4 22. Nxc6
$1 Nxd6 23. cxd6 Rxe1+ 24. Rxe1 Ba3 (24... bxc6 $1 {was the simple solution
with a dead draw after} 25. Bxc6 Rb8 26. d7 Bxd7 27. Bxd7 $11) 25. Rd1 (25.
Re7+ $1 {gave some practical chances for White after} Kf8 (25... Kf6 26. Nd8
Bxd6 27. Rf7+ Ke5 28. Rxh7) 26. Rxh7 Bxd6 27. Rh8+ Kg7 28. Rd8 Bc5 29. Ne5)
25... bxc6 {with a dead draw again.} 26. Bxc6 Rb8 27. d7 Bxd7 28. Rxd7+ Kh6 29.
Rb7 (29. Rxa7 Rb1+ 30. Kh2 Bd6+ 31. g3 Rb2 $11) 1/2-1/2

[Event "Solin 9th"]
[Site "Solin/Split"]
[Date "2001.12.10"]
[Round "3"]
[White "Kurajica, Bojan"]
[Black "Kozul, Zdenko"]
[Result "1/2-1/2"]
[WhiteElo "2542"]
[BlackElo "2569"]
[Annotator "Hazai,L"]
[PlyCount "140"]
[EventDate "2001.12.08"]
[EventType "tourn"]
[EventRounds "9"]
[EventCountry "CRO"]
[EventCategory "12"]
[SourceTitle "CBM 087"]
[Source "ChessBase"]
[SourceDate "2002.03.21"]
[SourceVersion "1"]
[SourceVersionDate "2002.03.21"]
[SourceQuality "1"]

1. d4 Nf6 2. Nf3 g6 3. c3 Bg7 4. Bg5 O-O 5. Qc1 $6 {This idea cannot be
recommended. The exchange of the fianchettoed B is not worth of two tempi.} d6
6. Bh6 Bg4 {Other tries are also playable:} (6... Nc6 7. Bxg7 (7. h4 {Since
White has no real advantage in the [+], this flank operation cannot yield
anything real for him.} e5 8. dxe5 Nxe5 9. Nxe5 dxe5 10. Bxg7 Kxg7 11. Qg5 Ng4
12. Na3 f6 13. Qc1 h5 14. f3 Nh6 15. e4 Be6 $11 {with a very comfortable
position for White, Schlindwein-Schelle, Bad Woerishofen 2000.}) 7... Kxg7 8.
Nbd2 e5 9. dxe5 dxe5 10. Qc2 e4 $1 11. Nxe4 Bf5 {The pin is rather nasty on
the f5-b1 /^.} 12. Nfd2 Nxe4 13. Nxe4 Qh4 14. g4 Qxg4 15. f3 Qh4+ 16. Kd1 Rad8+
{0-1 Karlik-Kostic, Bayern 1994}) (6... c5 {attacking the [+] from the other
side is also good.} 7. dxc5 dxc5 8. Na3 (8. h4 {is again an unprepared |^.} Qd5
9. Bxg7 Kxg7 10. Nbd2 Nc6 11. e4 Qh5 $13 {Schlindwein-Moor, Bodensee 1999})
8... Nc6 9. Bxg7 Kxg7 10. Qe3 Qd5 11. c4 Qh5 12. g3 Bg4 13. Bg2 Nd4 14. O-O e5
$36 {and Black grabs the |^ in the [+], Ambelang-Karwatt, Germany 1998.}) 7.
Bxg7 Kxg7 8. Nbd2 Re8 {Other possibilities are also good:} (8... Nbd7 $11) (
8... c5 $11) 9. h3 Bxf3 10. Nxf3 e5 11. e3 Nbd7 {Black has the e5 square
firmly in his hands.} 12. Be2 c6 (12... c5 13. O-O d5 $13 {invading the [+]
looks also promising punishing White's passive setup.}) 13. O-O e4 (13... d5 {
was again playable.}) 14. Nd2 {Now this P structure gives White some chances
on the << and in the [+]. Black's chances on the >> are questionable.} h5 {
/\ Nh7-g5 with some |^ on the >>.} (14... d5 {can be met by the standard} 15.
c4) 15. Qc2 d5 (15... Nf8 16. c4 N8h7 {/\ Ng5 looks more aggressive.}) 16. Qb3
(16. c4) 16... Rb8 (16... Qb6 $1 $11) 17. Qa3 $5 {This is the beginning of an
interesting Q manoeuvre.} (17. c4) 17... a6 18. Qd6 $1 Re6 ({or} 18... Qe7 19.
Qg3 $1) 19. Qg3 $1 {and the Q is excellent on the h2-b8 /^ defending the >> at
the same time.} c5 $6 {Black loses his temper. Now his P structure will be
seriously weakened.} (19... Qb6 {and holding the position was safer.}) 20. dxc5
Nxc5 21. Nb3 {The backward d P remains weak, and White's pieces will be
excellently posted on >< d4.} Rc8 (21... Nxb3 22. axb3 Qd6 23. Qxd6 Rxd6 24.
Rfd1 $14 {and the _|_ is slightly better because of the better P structure.})
22. Nxc5 (22. Nd4 {allows the counterplay on the << by} Rb6 23. Rab1 Na4) 22...
Rxc5 23. Rad1 (23. Rfd1 {looks more precise, since White wants to play on the
<<.}) 23... Qb6 (23... Qd6 24. Qxd6 Rxd6 25. Rd2 $14 {leads to the same type
of _|_ as before.}) 24. Rd2 Rc8 25. Bd1 $1 {/\ Bb3, Rfd1 inserting pressure on
>< d5.} Qc5 26. Bb3 Rce8 27. Rd4 b5 28. Rfd1 Re5 29. R1d2 {This is a useless
move.} (29. a4 $1 $16 {comes into consideration widening the battlefront on
the <<. After opening the a <-> White can now play Ra1.}) 29... Qc6 30. a4 Rf5
31. Bc2 (31. Rd1 {/\ Ra1 was still possible.}) 31... Rfe5 32. Bd1 $6 {White
cannot find a way to strengthen his position, so he begins to ruin it!} (32.
Rd1) 32... Nd7 $1 {/\ Nb6-c4 and suddenly Black solves all of his problems.}
33. axb5 axb5 34. Be2 Nb6 {/\ Nc4} 35. Rb4 Nc4 36. Bxc4 $2 {Now the P
structure will be changed to Black's favour.} (36. Rd4 $14) 36... dxc4 37. b3 {
White wants to free his R, but this seriously weakens >< c3.} (37. Rd4) 37...
cxb3 38. Rxb3 Qc4 $15 39. Rdb2 Rd5 {Now the d <-> remains in Black's hand, his
heavy artillery is more active.} 40. Rb1 Ree5 41. h4 {against Rg5, but was it
a real threat?} (41. Kh2) 41... Rf5 42. Rb4 Qd3 43. Qc7 (43. Rc1 Qd2) 43... Qe2
44. R4b2 (44. Qg3 Rd2) 44... Qg4 {Now it is already difficult for White.} 45.
c4 (45. g3 g5 (45... Qf3) 46. hxg5 h4 $40 {is the typical blow on the >> with
a very dangerous ->.}) (45. Qg3 Qxg3 46. fxg3 Rd3 47. Rxb5 Rxb5 48. Rxb5 Rxe3 {
loses an important P.}) 45... Rc5 46. Qd8 Rxc4 (46... bxc4 $2 {is a big
mistake because of} 47. Rb8 $1) 47. Qd2 (47. Rxb5 $2 Rxf2 $1 $19) 47... Rcc5
48. Rb4 Kh7 (48... Qxh4 {is not so good on account of} 49. Qe2) 49. g3 Rfd5 $6
(49... g5 $1 $40 {with a direct assault against the enemy K was more forceful.}
) 50. Rd4 Qe6 51. Qb4 Rxd4 52. Qxd4 (52. exd4 $2 Rc2) 52... Qf5 $19 {Still
Black is a healthy P up, and it is a matter of technique.} 53. Qb2 Qc8 (53...
Qf3 $1 {/\ g5 was again forceful.}) 54. Ra1 Qh8 55. Qa2 (55. Qxh8+ Kxh8 {
and the R _|_ is not easy for White.}) 55... Qf6 56. Rd1 Kg7 $6 {The K is more
vulnerable on the long /^ than on h7.} (56... Qf3 $1 {/\ g5}) 57. Qb1 Qe5 58.
Rd4 Rc4 59. Rd2 (59. Rxc4 bxc4 $19) 59... b4 60. Kg2 Qf6 (60... Qc3) 61. Qd1
Qc3 (61... Kh7) 62. Rd7 Qe5 63. Qd2 Qf6 64. Rd8 {[#]} Qc3 $4 {[%mdl 8192] Now
suddenly White gets real chances!} (64... b3 $19 {was still probably winning.})
65. Qd6 $1 Rc5 $4 {Black completely loses his head.} (65... Rc7 {would have
minimized the demage.} 66. Qf8+ Kh7 67. Qg8+ Kh6 68. Rd4 f5) 66. Qf8+ $18 Kh7
67. Qg8+ (67. Qxf7+ {is not so effective:} Qg7 68. Qe6 Re5) 67... Kh6 68. Rd4
g5 69. Qh8+ (69. Rd6+ f6 70. Rd7 $18 {was also winning!}) 69... Kg6 70. Rd6+ f6
$18 {and draw agreed?? White is winning by force!} (70... f6 71. Qg8+ Kf5 (
71... Kh6 72. Rd7 $18) 72. Qh7+ Ke5 73. Qe7+ Kf5 74. g4+ $1 hxg4 75. h5 $18)
1/2-1/2

[Event "GER-ch 73th"]
[Site "Altenkirchen"]
[Date "2001.12.07"]
[Round "8"]
[White "Muranyi, Karl Jasmin"]
[Black "Schramm, Christian"]
[Result "1-0"]
[WhiteElo "2357"]
[BlackElo "2359"]
[Annotator "Hazai,L"]
[PlyCount "72"]
[EventDate "2001.11.30"]
[EventType "swiss"]
[EventRounds "9"]
[EventCountry "GER"]
[SourceTitle "CBM 087"]
[Source "ChessBase"]
[SourceDate "2002.03.21"]
[SourceVersion "1"]
[SourceVersionDate "2002.03.21"]
[SourceQuality "1"]
[WhiteTeam "Illingen"]
[WhiteTeamCountry "GER"]

1. d4 Nf6 2. c3 g6 3. Bf4 Bg7 4. e3 d6 5. h3 O-O 6. Nf3 b6 7. Be2 Bb7 8. Nbd2
Nbd7 9. O-O Qe8 {/\ e5 is more aggressive, Black wants to grab the |^ on the
>>, while White's chances lie on the other flank.} (9... c5 {is the positional
setup leading to balanced position.}) 10. Bh2 e5 11. b4 (11. dxe5 $143 {
- Frohberg-Slobodjan, Bremen 1998 CBM 68}) (11. a4 {- Kalinin-Uhlmann,
Petermaenchen 1999 CBM 73}) 11... Kh8 {This can be useful after f7-f5, which
is Black's main weapon.} (11... Qe7 12. a4 a6 {This is Black's flexible
defence in this type of position.} (12... a5 13. bxa5 Rxa5 14. Nc4 $36 {
and the opening of the << helps only for White.}) (12... Kh8 13. a5 Rab8 14.
Qb3 Ne4 15. Nxe4 Bxe4 16. Nd2 Bb7 17. Bf3 Bxf3 18. Nxf3 b5 $13 {avoiding to
open the a <-> for the white rooks.} (18... f5 {allows the penetrating} 19.
axb6 axb6 20. Ra7)) 13. Qb3 (13. a5 b5) 13... Kh8 14. a5 b5 15. Rac1 e4 16. Ne1
c5 {(Giffard-Jo.Horvath, Val Thorens 1995)} (16... d5 $5 {with a positional P
sacrifice for space advantage is worthy of attention.} 17. Bxc7 Ne8 18. Bh2 f5
$44) 17. bxc5 dxc5 18. Nc2 $14 {/\ c4}) (11... a5 {deserves attention as well.}
12. Qb3 (12. bxa5 e4 13. Ne1 Rxa5) 12... axb4 13. Qxb4 Kh8) 12. a4 Nh5 $6 {
This simply cannot be good, the N is only vulnerable here.} (12... a5 13. bxa5
(13. b5 e4 14. Ne1 Nd5 $132 {/\ f5 and c4 is always met by Nb4.}) 13... Rxa5
14. Nc4 Ra8 (14... Ra7 $5) 15. a5 (15. dxe5 {is not so clear because of} Ne4 $8
16. exd6 Nxc3 17. Qc2 Nxe2+ 18. Qxe2 Bxa1 19. Rxa1 Bxf3 20. Qxf3 Qe6) 15... e4
16. Nfd2 d5 17. Nb2 $14 {and the h2-b8 /^ is opened.}) (12... e4 $5 13. Ne1 a5
(13... Nd5 14. Qb3 a5 15. bxa5 Rxa5 16. c4 (16. Nc4 Ra7 {fighting against
a4-a5.}) 16... Ne7 17. Nc2 f5 $132) 14. bxa5 (14. b5 Nd5 $13 {and the N has a
good place here again.}) (14. Nb3 Nd5 $13) 14... Rxa5 15. Nb3 (15. Nc4 Ra7 16.
a5 Qa8 $132) 15... Ra7 16. a5 Qa8 $132) 13. Qb3 (13. a5 $1 $14 {was the
logical continuation of White's << plans.}) 13... e4 14. Ne1 f5 15. Bxh5 {
ruining Black's P structure. Now Black's attacking chances on the >> are
minimal.} (15. a5 $5 Nhf6 (15... f4 {leads nowhere after} 16. Bxh5 fxe3 17.
fxe3 Rxf1+ 18. Nxf1 gxh5 19. a6) (15... a6 16. Bxh5 $14) 16. a6 Bd5 17. c4 Bg8
{changing /^ for the B.}) 15... gxh5 16. Bf4 (16. a5 $5) 16... h4 17. a5 a6 18.
axb6 Nxb6 19. Ra5 Qg6 20. c4 Rg8 21. b5 $6 (21. f3 $1 $16 {would have
activated White's passive pieces.}) 21... Qf7 $2 (21... axb5 $1 {was the best
reply:} 22. Qxb5 Rxa5 23. Qxa5 Ra8 $132) 22. Bxd6 (22. f3 $5 {again comes into
consideration.}) 22... Nxc4 $2 {Now White's advantage on the << becomes
decisive.} (22... cxd6 $8 23. bxa6 Qc7 $1 {This is the cold-blooded defence!}
24. Rb5 Bxa6 25. Rxb6 d5) 23. Qxc4 $18 Qxc4 24. Nxc4 Bd5 ({On} 24... axb5 25.
Ne5 $1 $18 {is pretty!}) 25. b6 Bxc4 26. Bxc7 f4 (26... Bxf1 27. Kxf1 $18 {
and the o^ b6 will decide the battle.}) 27. Bxf4 Rab8 28. Bxb8 Rxb8 29. Rc5
Bxf1 30. Kxf1 Bf8 31. Rc6 a5 32. Nc2 a4 33. Ke2 a3 34. Kd2 a2 35. Kc3 Be7 36.
Kc4 Kg7 1-0

[Event "Bermuda-A"]
[Site "Bermuda"]
[Date "2003.02.05"]
[Round "11"]
[White "Macieja, Bartlomiej"]
[Black "Volokitin, Andrei"]
[Result "1/2-1/2"]
[WhiteElo "2629"]
[BlackElo "2565"]
[Annotator "Hazai,L"]
[PlyCount "83"]
[EventDate "2003.01.25"]
[EventType "tourn"]
[EventRounds "11"]
[EventCountry "BER"]
[EventCategory "15"]
[SourceTitle "CBM 094"]
[Source "ChessBase"]
[SourceDate "2003.05.26"]
[SourceVersion "1"]
[SourceVersionDate "2003.05.26"]
[SourceQuality "1"]

1. Nf3 Nf6 2. d4 g6 3. Bf4 Bg7 4. e3 d6 5. Be2 {In this game White simply
neglects Black's threat of Nh5 exchanging the important dark-squared B.} (5. h3
{securing the retreat of the B is the natural main line.}) 5... c5 (5... O-O {
allows again} 6. h3) ({Immediately} 5... Nh5 {deserves attention.} 6. Bg5 (6.
Bg3 {gives up the ^^ without weakening Black's >>.} Nxg3 7. hxg3 c5 $36) 6...
h6 7. Bh4 g5 $1 {is the consequent continuation.} (7... f5 {trying to create a
Dutch type of position, where White's B on h4 looks rather doggy.} 8. g4 $5
fxg4 {Black has to take up the gauntlet!} (8... Nf6 9. gxf5 Bxf5 10. Nc3 $14)
9. Nfd2 Nf6 (9... g5 10. Bxg4 Bxg4 11. Qxg4 Nf6 12. Qg2 Nc6 13. Nc3 Qd7 14.
O-O-O O-O-O 15. Bg3 {and White has the somewhat better P structure.} Rdf8 $14 (
15... Qf5 {runs into} 16. e4 $16 (16. f3 Qe6 17. Rhe1 Rhf8 18. Nb3 Nb4 19. e4
Qf7 20. Qe2 $14 {Sapis-Kupreichik, Lvov 1988 45/68}))) 10. Bxf6 exf6 11. Bxg4
f5 $13 {Sapis}) 8. Nfd2 {The is the typical answer, but here the B on e2 is
vulnerable!} (8. Bg3 Nxg3 9. hxg3 c5 $1 $36 {is again good for Black attacking
d4 on the long /^.}) 8... Nf4 $1 {is the typical tactical counterblow here.} (
8... gxh4 9. Bxh5 e5 10. dxe5 Nc6 $1 {The N belongs to e5.} 11. Nc3 Nxe5 12.
Qe2 O-O 13. O-O {looks safer, but Black's excellent B on the long /^ fully
compensates the defects of the P structure.} (13. O-O-O {allows Black to
organize an -> on the <<.} b5 $1 14. f4 (14. Qxb5 Be6 $44) 14... b4 $1 {
The first intermediate move...} 15. Nd5 c6 $1 $15 {and the second one,
Klaman-Gufeld, SU 1976 21/76.}) 13... c6 $11) 9. exf4 gxh4 {Now >< d4 is more
vulnerable.} 10. c3 c5 $1 {- 5...c5} (10... Nd7 {looks rather passive.} 11. O-O
c5 12. d5 Nf6 13. Nc4 h5 14. Ne3 Kf8 15. Nd2 Bh6 16. g3 Bh3 17. Re1 hxg3 18.
fxg3 h4 19. Bf3 Qd7 20. Kf2 Kg7 21. Ne4 Rag8 22. Nxf6 Kxf6 23. b4 Kg7 24. bxc5
dxc5 {(Rivas Pastor-Romero Holmes, Leon 1995)} 25. g4 $1 {Romero Holmes} Bxf4
26. Nf5+ Kf8 27. Rxe7 $16) (10... e6 {is also a bit slowish.} 11. Nf3 Nd7 12.
g3 hxg3 13. hxg3 Qe7 14. Na3 Nf6 15. Nc2 Bd7 16. Bd3 O-O-O 17. Qe2 Kb8 18.
O-O-O Rc8 $13 {Andrews-Brenninkmeijer, New York 1993})) 6. O-O {This again
allows the exchange of the dark-squared B.} (6. h3 O-O {may lead to the main
lines.}) (6. c3 {allows again the exchange of the B.} Nh5 (6... O-O) 7. Bg5 h6
8. Bh4 g5 9. Nfd2 Nf4 $1 {We have seen this before!} 10. exf4 gxh4 11. dxc5 {
White gives up the [+].} (11. Nf3 Qb6) 11... dxc5 12. Nf3 Qc7 13. Nxh4 Bf6 14.
Nf3 Qxf4 15. Nbd2 O-O {^^} 16. Nf1 Nc6 17. Ne3 Rd8 18. Nd5 Qf5 19. Nxf6+ Qxf6
$11 {Lopushnoy-Bologan, Kazan 1995}) 6... Nh5 $1 7. Bg5 h6 8. Bh4 g5 9. Bg3
Nxg3 10. hxg3 cxd4 11. exd4 (11. Nxd4 Nc6 $13) 11... g4 (11... Qb6 $5 {
attacking >< b2 and d4 deserved attention.}) 12. Nh4 {The N is out of place
here and also vulnerable, but stpos Black's -> on the h <->.} h5 13. c3 d5 14.
f4 {This leads to rather sharp positions.} (14. Nd2 Nc6 15. Bd3 {was the
positional alternative.}) 14... Nc6 (14... gxf3 {opens up the position for the
white pieces, although >< g3 becomes more vulnerable.} 15. Bxf3 (15. Bb5+ Nc6
16. Qxf3 Bf6 17. Nf5 Bxf5 18. Qxf5 a6) 15... Qd6 16. Bxh5 Bf6 (16... Qxg3 17.
Bxf7+ Kd8 18. Nf3 $16) 17. Qf3) 15. Nd2 e6 (15... Qb6 16. Nb3) 16. Bb5 Bf6 17.
f5 Bxh4 (17... e5 $5 {leaving the bad N on the edge of the board came into
consideration.} 18. dxe5 Bxe5 19. Qe2 O-O 20. Bxc6 Bxg3 21. f6 bxc6 22. Nf5
Bxf5 23. Rxf5 Re8 {with immense complications.}) 18. gxh4 Qxh4 19. Qe2 (19.
fxe6 Bxe6 20. Qa4 {wins back the P, but loses the |^.} O-O 21. Bxc6 bxc6 22.
Qxc6 Qg5 $36) 19... Bd7 20. Bxc6 bxc6 21. Qe5 O-O-O 22. f6 Rdg8 23. Rae1 Rg5 (
23... Qg5 24. Nb3 Qxe5 25. Rxe5 h4 26. Nc5 $44 {and the N on c5 is superior to
the passive B.}) 24. Qd6 Rf5 25. g3 Rxf1+ (25... Qxf6 $1 {looks simpler,
although after} 26. Rxf5 Qxf5 27. Nb3 {White still has some compensation on
the <<.}) 26. Rxf1 Qg5 27. Nb3 Qe3+ 28. Kg2 h4 29. Nc5 Be8 30. Qf4 Qxg3+ $2 (
30... h3+ 31. Kh2 Qe2+ 32. Rf2 Qe1 {was better than the text.}) 31. Qxg3 hxg3
32. Kxg3 {In the _|_ White's chances are preferable due to his wonderful N on
c5.} Bd7 33. Rf4 $2 {Now Black can escape easily.} (33. Rf2 $1 {was the good
preparatory move.} Rh6 34. Kxg4 Rg6+ 35. Kh5 $16) 33... Rh3+ 34. Kxg4 e5+ $1 {
transposing to a drawish P _|_.} 35. Nxd7 exf4 36. Kxh3 Kxd7 37. Kg4 Ke6 38.
Kxf4 Kxf6 39. b3 Ke6 40. Kg5 f6+ 41. Kg6 Ke7 42. Kf5 1/2-1/2